000 00725nam a2200241 a 4500
005 20240924070327.0
008 150506s2011 mx r 000 0 spa d
020 _a9786071505552
035 _aUPN01000203194
049 _aCG
050 4 _aGN315
_bK6.2 2011
100 1 _aKottak, Conrad Phillip
_937231
245 1 0 _aAntropología cultural /
_cConrad Phillip Kottak ; tr. Víctor Campos Olguín.
250 _a14a ed.
260 _aMéxico :
_bMcGraw-Hill Interamericana,
_c2011.
300 _axxxi, 471 p. :
_bil., figs., tablas
440 0 _aEducación
534 _pTraducción de:
_tCultural Anthropology
650 2 _aEtnología
_94794
650 2 _aAntropología
_94499
905 _aLibro
999 _c175295
_d175295